<?xml version="1.0" encoding="UTF-8"?>
<record
    xmlns:xsi="http://www.w3.org/2001/XMLSchema-instance"
    xsi:schemaLocation="http://www.loc.gov/MARC21/slim http://www.loc.gov/standards/marcxml/schema/MARC21slim.xsd"
    xmlns="http://www.loc.gov/MARC21/slim">

  <leader>01210nam a2200265 a 4500</leader>
  <controlfield tag="001">BRCA_6931</controlfield>
  <controlfield tag="005">20190320205639.0</controlfield>
  <controlfield tag="008">161111s1953----enk#######---#000-0#eng-#</controlfield>
  <datafield tag="041" ind1=" " ind2=" ">
    <subfield code="a">eng</subfield>
  </datafield>
  <datafield tag="044" ind1=" " ind2=" ">
    <subfield code="a">enk</subfield>
  </datafield>
  <datafield tag="050" ind1=" " ind2="4">
    <subfield code="a">N6550</subfield>
    <subfield code="b">.E93</subfield>
    <subfield code="c">1953</subfield>
  </datafield>
  <datafield tag="245" ind1="1" ind2="0">
    <subfield code="a">Exhibition of Mexican art from pre-Columbian times to the present day, organized under the auspices of the Mexican Government</subfield>
    <subfield code="b">Tate Gallery, 4 March to 26 April.</subfield>
  </datafield>
  <datafield tag="260" ind1=" " ind2=" ">
    <subfield code="a">Londres</subfield>
    <subfield code="b">Arts Council,</subfield>
    <subfield code="c">1953</subfield>
  </datafield>
  <datafield tag="300" ind1=" " ind2=" ">
    <subfield code="a">xxiv, 103 p.</subfield>
    <subfield code="b">il., mapas</subfield>
    <subfield code="c">22 cm.</subfield>
  </datafield>
  <datafield tag="500" ind1=" " ind2=" ">
    <subfield code="a">Presentado conjuntamente por el Consejo de las Artes de Gran Breta&#xF1;a y el gobierno mexicano, representado por el Instituto Nacional de Bellas Artes de la Secretar&#xED;a de Educaci&#xF3;n P&#xFA;blica, con la colaboraci&#xF3;n del Instituto Nacional de Antropolog&#xED;a e Historia y el Instituto Nacional Indigenista.</subfield>
  </datafield>
  <datafield tag="500" ind1=" " ind2=" ">
    <subfield code="a">O153</subfield>
  </datafield>
  <datafield tag="650" ind1="1" ind2="4">
    <subfield code="a">Arte mexicano</subfield>
    <subfield code="x">Exposiciones</subfield>
    <subfield code="9">2101</subfield>
  </datafield>
  <datafield tag="650" ind1="1" ind2="4">
    <subfield code="a">Galerias y Museos</subfield>
    <subfield code="x">Inglaterra</subfield>
    <subfield code="9">17272</subfield>
  </datafield>
  <datafield tag="710" ind1="2" ind2=" ">
    <subfield code="a">Tate Gallery</subfield>
    <subfield code="9">17273</subfield>
  </datafield>
  <datafield tag="710" ind1="2" ind2=" ">
    <subfield code="a">Arts Council of Great Britain</subfield>
    <subfield code="9">17274</subfield>
  </datafield>
  <datafield tag="710" ind1="2" ind2=" ">
    <subfield code="a">Instituto Nacional de Bellas Artes (M&#xE9;xico)</subfield>
    <subfield code="9">13982</subfield>
  </datafield>
  <datafield tag="710" ind1="2" ind2=" ">
    <subfield code="a">M&#xE9;xico</subfield>
    <subfield code="b">Secretar&#xED;a de Educaci&#xF3;n P&#xFA;blica</subfield>
    <subfield code="9">17275</subfield>
  </datafield>
  <datafield tag="902" ind1=" " ind2=" ">
    <subfield code="a">GFM</subfield>
  </datafield>
  <datafield tag="942" ind1=" " ind2=" ">
    <subfield code="2">lcc</subfield>
    <subfield code="c">B</subfield>
  </datafield>
  <datafield tag="999" ind1=" " ind2=" ">
    <subfield code="c">6613</subfield>
    <subfield code="d">6613</subfield>
  </datafield>
  <datafield tag="952" ind1=" " ind2=" ">
    <subfield code="0">0</subfield>
    <subfield code="1">0</subfield>
    <subfield code="4">0</subfield>
    <subfield code="7">0</subfield>
    <subfield code="a">BRCA</subfield>
    <subfield code="b">BRCA</subfield>
    <subfield code="d">2011-11-16</subfield>
    <subfield code="i">O153</subfield>
    <subfield code="l">0</subfield>
    <subfield code="o">N6550 .E93 1953 (O153)</subfield>
    <subfield code="p">7378</subfield>
    <subfield code="r">2019-03-22 00:00:00</subfield>
    <subfield code="w">2019-03-22</subfield>
    <subfield code="y">B</subfield>
  </datafield>
</record>
